| 000 | 01798cam a22004814i 4500 | ||
|---|---|---|---|
| 003 | PE-LiUPU | ||
| 005 | 20250731173541.0 | ||
| 008 | 150616s r 000 0 d | ||
| 020 | _a185075523X | ||
| 035 | _a(Sirsi) i9781850755234 | ||
| 040 |
_aPE-LiUPU _bspa _cPE-LiUPU _erda |
||
| 049 | _aPRUA | ||
| 082 | 0 | 4 |
_a220.92 _bW97 _221 |
| 100 | 1 |
_aWilliam Johnstone, ed., _eautor. |
|
| 245 | 1 | 0 | _aWilliam Robertson Smith. |
| 264 | 1 |
_aBath, Inglaterra : _bSheffield Academic Press, _c1995. |
|
| 300 |
_a403 páginas ; _c22 centímetros |
||
| 336 |
_atext _2rdacontent |
||
| 337 |
_aunmediated _2rdamedia |
||
| 338 |
_avolume _2rdacarrier |
||
| 490 | 0 |
_aJournal for the Study of the Old Testament Series ; _v189 |
|
| 504 | _aBibliografía al final de capáginas | ||
| 505 | 0 | _aWilliam Robertson Smith's life and work in its late-nineteenth-century context.- William Robertson Smith as biblical scholar.- William Robertson Smith's international connections and influence.- William Robertson Smith as social anthropologist. | |
| 526 | _aSEG42 | ||
| 526 | _aSEG41 | ||
| 526 | _aSEG40 | ||
| 526 | _aSEG39 | ||
| 526 | _aP94 | ||
| 526 | _aP87 | ||
| 526 | _aP86 | ||
| 526 | _aP85 | ||
| 526 | _aP77 | ||
| 526 | _aP76 | ||
| 526 | _aP35 | ||
| 650 | 0 | 4 | _aSMITH, WILLIAM ROBERTSON, 1846-1894 - ESTUDIO. |
| 910 |
_ajck _bjvq _cjck |
||
| 942 |
_2ddc _cBOOK |
||
| 949 |
_a220.92 W97 _wDEWEY _c1 _i42616 _lCCODEBUL1 _mBUL _r0 _sY _tBOOK _u2015-6-16 _xTEOLOGIA _zUNKNOWN _0COMPRA _o.STAFF. Colección General |
||
| 994 |
_aC0 _bPEPRU |
||
| 596 | _a1 | ||
| 999 |
_a220.92 W97 _wDEWEY _c60453 _i42616 _f2021-11-9 _g5 _lCCODEBUL1 _mBUL _r0 _sY _tBOOK _u2015-6-16 _xTEOLOGIA _zUNKNOWN _0COMPRA _o.STAFF. Colección General _d60453 |
||
| 980 |
_81 _gALBERTO SANCHEZ Responsable de Automatización |
||